CENTRUM DOKUMENTÁRNÍHO FILMU KNIHOVNA

logo MFDF Ji.hlavalogo DOK.REVUElogo Inspirační fórum

Ekrannyje iskusstva i literatura : (Záznam č. 1817)

Podrobnosti MARC
000 -LEADER
kontrolní pole pevné délky 00812nam a2200325 4500
001 - ŘÍDÍCÍ ČÍSLO
kontrolní pole 000052993
003 - CONTROL NUMBER IDENTIFIER
kontrolní pole CZ PrSKC
005 - DATUM A ČAS POSLEDNÍHO ZPRACOVÁNÍ
kontrolní pole 20251209172555.0
008 - SPECIFIKACE PRO KNIHY A POKRAČUJÍCÍ ZDROJE
kontrolní pole pevné délky 040306s1994 XX ||| | rus
020 ## - MEZINÁRODNÍ STANDARDNÍ ČÍSLO KNIHY (ISBN)
ISBN 5020115762
040 ## - CATALOGING SOURCE (Původ katalogizace)
Agentura zajišťující původní katalogizaci ABA007
080 ## - MEZINÁRODNÍ DESETINNÉ TŘÍDĚNÍ
Klasifikační znak MDT 791:82
080 ## - MEZINÁRODNÍ DESETINNÉ TŘÍDĚNÍ
Klasifikační znak MDT 82(048.8)
080 ## - MEZINÁRODNÍ DESETINNÉ TŘÍDĚNÍ
Klasifikační znak MDT 791
245 00 - ÚDAJE O NÁZVU
Název Ekrannyje iskusstva i literatura :
Další údaje o názvu zvukovoje kino.
250 ## - ÚDAJE O VYDÁNÍ
Označení vydání 1. izd.
260 ## - PUBLICATION, DISTRIBUTION, ETC.
Místo vydání Moskva :
Jméno nakladatele Nauka,
Datum vydání 1994
300 ## - FYZICKÝ POPIS
Rozsah 197 s.
520 ## - ABSTRAKT, ATD.
Text poznámky Ekrannyje iskusstva i literatura : zvukovoje kino.
650 07 - VEDLEJŠÍ VĚCNÉ ZÁHLAVÍ - VĚCNÉ TÉMA
Topical term or geographic name entry element literární díla
Zdroj záhlaví nebo termínu czenas
650 04 - VEDLEJŠÍ VĚCNÉ ZÁHLAVÍ - VĚCNÉ TÉMA
Topical term or geographic name entry element vlivy
650 04 - VEDLEJŠÍ VĚCNÉ ZÁHLAVÍ - VĚCNÉ TÉMA
Topical term or geographic name entry element studie
650 04 - VEDLEJŠÍ VĚCNÉ ZÁHLAVÍ - VĚCNÉ TÉMA
Topical term or geographic name entry element filmové umění
650 07 - VEDLEJŠÍ VĚCNÉ ZÁHLAVÍ - VĚCNÉ TÉMA
Topical term or geographic name entry element film
Zdroj záhlaví nebo termínu czenas
650 07 - VEDLEJŠÍ VĚCNÉ ZÁHLAVÍ - VĚCNÉ TÉMA
Topical term or geographic name entry element literatura
Zdroj záhlaví nebo termínu czenas
650 07 - VEDLEJŠÍ VĚCNÉ ZÁHLAVÍ - VĚCNÉ TÉMA
Topical term or geographic name entry element filmy
Zdroj záhlaví nebo termínu czenas
900 ## - EQUIVALENCE OR CROSS-REFERENCE-PERSONAL NAME [LOCAL, CANADA]
Římské číslice 13
910 ## - USER-OPTION DATA (OCLC)
User-option data ABA007
942 ## - PŘIDANÉ VEDLEJŠÍ ZÁHLAVÍ (KOHA)
Source of classification or shelving scheme Dewey Decimal Classification
Koha item type Kniha
Suppress in OPAC No
Jednotky
Datum poslední evidence Přírůstkové číslo Total Checkouts Signatura Čárový kód Cena effektivně od Koha item type Stav ztráty Source of classification or shelving scheme Stav poškození Nelze vypůjčit Stav zrušení Home library Current library Umístění Datum zapsání
09.12.2025 1817   E821/620/VAR E821/620/VAR 09.12.2025 Kniha   Dewey Decimal Classification       Centrum dokumentárního filmu Centrum dokumentárního filmu Cizojazyčné publikace E821 09.12.2025